<?xml version="1.0" encoding="UTF-8"?>
<record
    xmlns:xsi="http://www.w3.org/2001/XMLSchema-instance"
    xsi:schemaLocation="http://www.loc.gov/MARC21/slim http://www.loc.gov/standards/marcxml/schema/MARC21slim.xsd"
    xmlns="http://www.loc.gov/MARC21/slim">

  <leader>00673nam a22001337a 4500</leader>
  <datafield tag="999" ind1=" " ind2=" ">
    <subfield code="c">134237</subfield>
    <subfield code="d">134237</subfield>
  </datafield>
  <controlfield tag="005">20240530095224.0</controlfield>
  <controlfield tag="008">240530b           ||||| |||| 00| 0 eng d</controlfield>
  <datafield tag="040" ind1=" " ind2=" ">
    <subfield code="c">PK-LaUMT</subfield>
  </datafield>
  <datafield tag="082" ind1=" " ind2=" ">
    <subfield code="a">APC 297.4092</subfield>
    <subfield code="b">KAN-</subfield>
  </datafield>
  <datafield tag="245" ind1=" " ind2=" ">
    <subfield code="a">Kanzulqadeem fi asaar i alkarim =  &#x631;&#x6A9;&#x646;&#x632;&#x627;&#x644;&#x642;&#x62F;&#x6CC;&#x645; &#x641;&#x6CC; &#x622;&#x62B;&#x627;&#x631; &#x627;&#x644;&#x6A9;&#x631;&#x6CC;&#x645; (&#x633;&#x648;&#x627;&#x646;&#x62D; &#x639;&#x645;&#x631;&#x6CC; &#x62D;&#x627;&#x644;&#x627;&#x62A; &#x632;&#x646;&#x62F;&#x6AF;&#x6CC; &#x645;&#x62D;&#x628;&#x648;&#x628; &#x633;&#x628;&#x62D;&#x627;&#x646;&#x6CC; &#x642;&#x637;&#x628; &#x631;&#x628;&#x627;&#x646;&#x6CC; &#x63A;&#x648;&#x62B; &#x635;&#x645;&#x62F;&#x627;&#x646;&#x6CC; &#x645;&#x642;&#x628;&#x648;&#x644; &#x628;&#x627;&#x631;&#x6AF;&#x627;&#x6C1; &#x631;&#x628; &#x627;&#x644;&#x631;&#x62D;&#x6CC;&#x645; &#x62D;&#x636;&#x631;&#x62A; &#x62E;&#x648;&#x627;&#x62C;&#x6C1; &#x62D;&#x627;&#x62C;&#x6CC; &#x62D;&#x627;&#x641;&#x638; &#x645;&#x62D;&#x645;&#x62F; &#x639;&#x628;&#x62F;&#x627;&#x644;&#x6A9; /</subfield>
    <subfield code="c">compiled by Kazi Alam ud Din = &#x645;&#x631;&#x62A;&#x628;&#x6C1; &#x642;&#x627;&#x6CC; &#x639;&#x627;&#x644;&#x645; &#x627;&#x644;&#x62F;&#x6CC;&#x646;</subfield>
  </datafield>
  <datafield tag="260" ind1=" " ind2=" ">
    <subfield code="a">Mirpur :</subfield>
    <subfield code="b">Veri Nagh Publishers,</subfield>
    <subfield code="c">1987</subfield>
  </datafield>
  <datafield tag="300" ind1=" " ind2=" ">
    <subfield code="a">358 p.</subfield>
  </datafield>
  <datafield tag="942" ind1=" " ind2=" ">
    <subfield code="c">BK</subfield>
  </datafield>
  <datafield tag="952" ind1=" " ind2=" ">
    <subfield code="0">0</subfield>
    <subfield code="1">0</subfield>
    <subfield code="4">0</subfield>
    <subfield code="7">0</subfield>
    <subfield code="a">01</subfield>
    <subfield code="b">01</subfield>
    <subfield code="d">2024-05-30</subfield>
    <subfield code="l">0</subfield>
    <subfield code="o">APC 297.4092 KAN-</subfield>
    <subfield code="p">146684</subfield>
    <subfield code="r">2024-05-30 00:00:00</subfield>
    <subfield code="w">2024-05-30</subfield>
    <subfield code="y">BK</subfield>
  </datafield>
</record>
